Le travail normatif du narratif (notice n° 1660367)
[ vue normale ]
| 000 -LEADER | |
|---|---|
| fixed length control field | 02071cam a2200169 4500500 |
| 005 - DATE AND TIME OF LATEST TRANSACTION | |
| control field | 20260208013548.0 |
| 041 ## - LANGUAGE CODE | |
| Language code of text/sound track or separate title | fre |
| 042 ## - AUTHENTICATION CODE | |
| Authentication code | dc |
| 100 10 - MAIN ENTRY--PERSONAL NAME | |
| Personal name | Voirol, Olivier |
| Relator term | author |
| 245 00 - TITLE STATEMENT | |
| Title | Le travail normatif du narratif |
| 260 ## - PUBLICATION, DISTRIBUTION, ETC. | |
| Date of publication, distribution, etc. | 2005.<br/> |
| 500 ## - GENERAL NOTE | |
| General note | 19 |
| 520 ## - SUMMARY, ETC. | |
| Summary, etc. | Ce texte propose un croisement entre les problématiques classiques de la théorie du récit et certaines propositions des théories de la reconnaissance. Partant de l’idée que le narratif s’ancre dans une sémantique pratique de l’expérience ordinaire, il souligne que c’est aussi le champ normatif de l’expérience sociale qui se trouve engagé. Les récits médiatiques peuvent être ainsi appréhendés comme des opérateurs de reconnaissance participant à un travail normatif de départage de l’estime sociale et, inséparablement, de la mésestime ou du mépris. Et s’il est vrai que le récit médiatique fait office de médiation d’une collectivité à sa propre intelligibilité, on comprend que la tension politique et la conflictualité sociale ne sauraient en aucun cas l’épargner. |
| 520 ## - SUMMARY, ETC. | |
| Summary, etc. | THE NORMATIVE WORK OF NARRATIVE. THE IMPORTANCE OF RECOGNITION IN THE NEWS NARRATIVE This article proposes a combination of the usual problematiques of the theory of narrative and certain hypotheses of theories of recognition. Based on the idea that narrative is rooted in a practical semantics of ordinary experience, the author highlights the fact that the normative field of social experience is also involved. News narratives can thus be apprehended as operators of recognition which participate in a normative process of deciding between social esteem and low esteem or contempt. If it is true that the news narrative serves as mediation between a community and its own intelligibility, this explains that political tension and social conflict cannot under any circumstances spare it. |
| 786 0# - DATA SOURCE ENTRY | |
| Note | Réseaux | 132 | 4 | 2005-08-01 | p. 51-71 | 0751-7971 |
| 856 41 - ELECTRONIC LOCATION AND ACCESS | |
| Uniform Resource Identifier | <a href="https://shs.cairn.info/revue-reseaux1-2005-4-page-51?lang=fr&redirect-ssocas=7080">https://shs.cairn.info/revue-reseaux1-2005-4-page-51?lang=fr&redirect-ssocas=7080</a> |
Pas d'exemplaire disponible.




Réseaux sociaux